| 000 | 01081 a2200241 4500 | ||
|---|---|---|---|
| 003 | Nust | ||
| 005 | 20221128131452.0 | ||
| 010 | _a 73092867 | ||
| 020 | _a0824803272 | ||
| 040 | _cNust | ||
| 082 | 0 | 0 | _a530,PRO |
| 245 | 0 | 0 |
_aProceedings of the fifth hawaii topical conference in particle physics (1973) / _cEdited by P. N. Dobson, Jr., V. Z. Peterson, and S. F. Tuan. Contributors: R. P. Feynman [and others. |
| 260 |
_aHonolulu, _bUniversity Press of Hawaii, _c1974] |
||
| 300 |
_aix, 710 p. _billus. _c23 cm. |
||
| 505 | _aPartons (Page-3), An Introduction to Renormalizable Models Of Weak Interactions (Page-103), Experimental Review of Strong Interactions at High Energy (Page-189), Experimental Aspects of Neutrino Physics (Page-507). | ||
| 650 | 0 |
_aNuclear reactions _xCongresses. _9103676 |
|
| 650 | 0 |
_aParticles (Nuclear physics) _xCongresses. _9103677 |
|
| 700 | 1 |
_aDobson, Peter Norman, _9103678 |
|
| 700 | 1 |
_aFeynman, Richard Phillips. _9103679 |
|
| 700 | 1 |
_aPeterson, V. Z. _d1921- _9103680 |
|
| 700 | 1 |
_aTuan, San Fu, _d1932- _9103681 |
|
| 942 |
_2ddc _cBK _k530,PRO |
||
| 999 |
_c180563 _d180563 |
||